<?xml version="1.0" encoding="UTF-8"?>
<collection xmlns="http://www.loc.gov/MARC21/slim">
    <record>
        <controlfield tag="001">47332</controlfield>
        <controlfield tag="005">20160211114203.0</controlfield>
        <datafield tag="037" ind1=" " ind2=" ">
            <subfield code="a">TAZ-TFG-2015-3033</subfield>
        </datafield>
        <datafield tag="041" ind1=" " ind2=" ">
            <subfield code="a">spa</subfield>
        </datafield>
        <datafield tag="100" ind1="1" ind2=" ">
            <subfield code="a">Puccini Lecompte, Giovanni</subfield>
        </datafield>
        <datafield tag="245" ind1="0" ind2="0">
            <subfield code="a">El Consejo Real de la corona de Aragón y su evolución a lo largo de la Edad Media</subfield>
        </datafield>
        <datafield tag="260" ind1=" " ind2=" ">
            <subfield code="a">Zaragoza</subfield>
            <subfield code="b">Universidad de Zaragoza</subfield>
            <subfield code="c">2015</subfield>
        </datafield>
        <datafield tag="500" ind1=" " ind2=" ">
            <subfield code="a">Aporta en secretaría material físico Resumen disponible también en inglés</subfield>
        </datafield>
        <datafield tag="506" ind1=" " ind2=" ">
            <subfield code="a">by-nc-sa</subfield>
            <subfield code="b">Creative Commons</subfield>
            <subfield code="c">3.0</subfield>
            <subfield code="u">http://creativecommons.org/licenses/by-nc-sa/3.0/</subfield>
        </datafield>
        <datafield tag="520" ind1=" " ind2=" ">
            <subfield code="a">El Consejo Real de Aragón fue el instrumento del que se valieron los monarcas de este reino para ejercer su poder a lo largo de toda la Edad Media. La institución pervivió en la modernidad y se configuró en paralelo a las organizaciones castellanas suscitando gran interés por parte de los historiadores. Su origen, sin embargo, hunde las raíces firmemente en la Edad Media y esta todavía por estudiarse en profundidad. El siguiente escrito intenta arrojar algo de luz sobre el proceso de desarrollo que llevó al Consejo Real de ser un órgano deliberativo abierto a cualquier miembro de la nobleza en la línea de las tradiciones visigóticas a un instrumento cerrado de concentración de poder cuyo acceso podría ser considerado como un privilegio. Para afrontar esta tarea se ha recurrido a unos pocos artículos y libros de referencia con los que formar una idea base desde la que partir y, sobre todo, a diversas fuentes documentales con las que se ha intentado cubrir el periodo comprendido entre los siglos XIII y XIV. El resultado de este empeño se ha concretado en una visión general del Consejo Real y de su evolución, así como en la elaboración de una prosopografía básica concerniente a los integrantes de este organismo a lo largo de los reinados de Jaime I y Jaime II.</subfield>
        </datafield>
        <datafield tag="521" ind1=" " ind2=" ">
            <subfield code="a">Graduado en Historia</subfield>
        </datafield>
        <datafield tag="540" ind1=" " ind2=" ">
            <subfield code="a">Derechos regulados por licencia Creative Commons</subfield>
        </datafield>
        <datafield tag="700" ind1=" " ind2=" ">
            <subfield code="a">Sarasa Sánchez, Esteban</subfield>
            <subfield code="e">dir.</subfield>
        </datafield>
        <datafield tag="710" ind1="2" ind2=" ">
            <subfield code="a">Universidad de Zaragoza</subfield>
            <subfield code="b">Historia Medieval, Ciencias y Técnicas Historiográficas y Estudios Árabes e Islámicos</subfield>
            <subfield code="c">Historia Medieval</subfield>
        </datafield>
        <datafield tag="856" ind1="0" ind2=" ">
            <subfield code="f">562488@celes.unizar.es</subfield>
        </datafield>
        <datafield tag="856" ind1="4" ind2=" ">
            <subfield code="s">313449</subfield>
            <subfield code="u">http://zaguan.unizar.es/record/47332/files/TAZ-TFG-2015-3033.pdf</subfield>
            <subfield code="y">Memoria (spa)</subfield>
        </datafield>
        <datafield tag="909" ind1="C" ind2="O">
            <subfield code="o">oai:zaguan.unizar.es:47332</subfield>
            <subfield code="p">driver</subfield>
            <subfield code="p">trabajos-fin-grado</subfield>
        </datafield>
        <datafield tag="950" ind1=" " ind2=" ">
            <subfield code="a"></subfield>
        </datafield>
        <datafield tag="951" ind1=" " ind2=" ">
            <subfield code="a">deposita:2016-02-10</subfield>
        </datafield>
        <datafield tag="980" ind1=" " ind2=" ">
            <subfield code="a">TAZ</subfield>
            <subfield code="b">TFG</subfield>
            <subfield code="c">FFYL</subfield>
        </datafield>
    </record>

    
</collection>